000 01480nam a2200157 a 4500
001 000015896
005 20200929164207.0
008 100222s19uu dr 001 0 spa d
040 _aDO-SdBNP
_bspa
_cBNPHU
082 _axxxx
_bR245i
245 0 0 _aRecopilación de instrumentos internacionales relativos a los refugiados /.
260 _aSanto Domingo :
_bACNUR,
_c[199?].
300 _a159 p. ;
_c28 cm.
505 2 _aSelección de instrumentos legales ratificados por la República Dominicana relativos a los refugiados -- Declaración universal de derechos humanos de 10 de diciembre de 1948 -- Estatuto de la Oficiana de Alto Comisionado de las Naciones Unidas para los refugiados del14 de julio de 1950 Convención sobre el estatuto de los refugiados del 28 de diciembre de 1950 - Protocolo sobre el estatuto de los refugiados del 31 de enero de 1967 -- Decreto CONARE (No. 11569 del 10/11/83) -- Reglamento Conare (No. 2330 del 10/84) -- Procedimientos y criterios para determinar la condición de refugiado -- Convención americana de derechos humanos del 22 de noviembre de 1969: Pacto de San José -- Convención de la Organización de la Unidad Africana por la que se regulan los aspectos específicos de los problemas de los refugiados en Africa del 10 de septiembre de 1969 -- Declaración de Cartagena sobre los refugiados del 22 de noviembre de 1984 -- Declaración de San José sobre los refugiados y personas desplazas del 07 de diciembre de 1994.
049 _aBNPD
999 _c15438
_d15438